000 00910cam a2200217 a 4500
001 000006634
005 20200929153949.0
008 941228s1994 ck a f000 0dspa
020 _a9586121836
040 _aDO-SdBNP
_bspa
_cBNPHU
082 _a918.641
_bM953c
100 1 _aMújica, Elisa.
_d1918-2003
_918420
245 1 4 _aLas casas que hablan :
_bguía histórica del barrio de la Candelaria de Santafé de Bogotá /
_cElisa Mújica.
260 _aBogotá, Colombia :
_bCorporación La Candelaria,
_bBiblioteca Nacional de Colombia,
_bColcultura,
_c1994.
300 _a198 p. :
_bil. ;
_c28 cm.
504 _aIncluye referencias bibliográficas.
650 4 _aEdificios históricos
_zColombia
_zCandelaria (Bogotá{Rpara}
_xHistoria
_918421
651 4 _aCandelaria (Bogotá, Colombia{Rpara}
_xHistoria
_918422
651 4 _aBogotá (Colombia{Rpara}
_xHistoria
_918423
910 _aValidado, COntrol de calidad MFF
999 _c6424
_d6424